00701nam a2200193 i 4500001000700000003000900007005001700016008004100033040002000074080002800094080001800122100002600140245011400166260005600280300002100336651004800357651004700405852005500452160375ES-MaACL20250626193831.0040923s1868 sp |||| | spa d aCAM bspa cCAM a32(460.187 Béjar)"18" a32(460)"1868"1 aMuñoz Peña, Juan.10aBéjar, reseña al vapor de sus hechos políticos pasados y presentesb: 1868 / cpor Juan Muñoz Peña. aSalamanca : b[s.n.], c1868 (fEst. Tip. de Oliva) a84 p. ; c21 cm. 4aBéjar-xPolítica y gobierno-vHistoria. 7aEspaña-xPolítica y gobierno-yS.XIX2 aES-MaACLjG-451 z- Enc. hol., con hierros dorados